The search for value (Record no. 107267)

MARC details
000 -LEADER
fixed length control field 00998cad a22002055a 4500
001 - CONTROL NUMBER
control field L138904
008 - FIXED-LENGTH DATA ELEMENTS--GENERAL INFORMATION
fixed length control field 070718s2007 xxkd f 000 0 eng d
035 ## - SYSTEM CONTROL NUMBER
System control number (Sirsi) u138904
041 0# - LANGUAGE CODE
Language code of text/sound track or separate title eng
050 04 - LIBRARY OF CONGRESS CALL NUMBER
Classification number 332.6324 $2 18
110 2# - MAIN ENTRY--CORPORATE NAME
Corporate name or jurisdiction name as entry element Jones Lang LaSalle
9 (RLIN) 3755
245 04 - TITLE STATEMENT
Title The search for value
Remainder of title where next for UK yields?
Medium [electronic resource]
260 ## - PUBLICATION, DISTRIBUTION, ETC.
Place of publication, distribution, etc. London
Name of publisher, distributor, etc. JLL
Date of publication, distribution, etc. 2007
520 ## - SUMMARY, ETC.
Summary, etc. Reviews the current level of yields across the UK property sectors. Considers the macroeconomic factors that have affected yield pricing in the last few years and assesses the economic outlook. Explains the context surrounding the current level of yields, and points out various trends to consider when pricing or forecasting yields in today?s market.
590 ## - LOCAL NOTE (RLIN)
Local note KA
651 #4 - SUBJECT ADDED ENTRY--GEOGRAPHIC NAME
Geographic name United Kingdom
Chronological subdivision
690 ## - LOCAL SUBJECT ADDED ENTRY--TOPICAL TERM (OCLC, RLIN)
Topical term or geographic name as entry element PROPERTY-COMMERCIAL PROPERTY-COMMERCIAL PROPERTY MARKET
856 40 - ELECTRONIC LOCATION AND ACCESS
Uniform Resource Identifier <a href="https://www.joneslanglasalle.com">https://www.joneslanglasalle.com</a>
Public note View the report free of charge at www.joneslanglasalle.com...
942 ## - ADDED ENTRY ELEMENTS (KOHA)
Suppress in OPAC 0
Holdings
Withdrawn status Lost status Source of classification or shelving scheme Damaged status Not for loan Home library Current library Shelving location Date acquired Total Checkouts Full call number Barcode Date last seen Copy number Price effective from Koha item type
    Dewey Decimal Classification     Virtual Virtual Online 18/07/2007   ONLINE PUBLICATION 138904-2001 06/08/2019 1 06/08/2019 Book